00777nam a2200241 a 4500001001300000003000900013005001700022008004100039020001000080082002000090100002300110245003100133260004500164300000900209500003500218505007800253650003000331700002300361902000800384942000700392952012100399999001500520nice12345678IN_TiNIC20260116013015.0050524s1912 teha grd 000 0 ara  ac10000a492.739155bKHA aKhaleeli, Mohd Ali aFarhang-E-Habeebi Khaleeli aTehranbAli Akber Ilmi Book Sellerc1912 a988p aincludes index and biblioraphy2 aby a working party of the churches`committee on migrant workers in europe aDictionary-Arabic Persian1 aKhaleeli, Mohd Ali bRHR cBK 001040708ReferHall-aHMIbHMId2007-06-07g100.00l0o492.739155 KHAp012823r2007-06-07v100.00w2005-05-24yBK c9248d9248